Mechanical engineering fundamentals (Record no. 13668)
[ view plain ]
| 000 -LEADER | |
|---|---|
| fixed length control field | 00311nam a22001217a 4500 |
| 020 ## - INTERNATIONAL STANDARD BOOK NUMBER | |
| ISBN | 9789380578200 |
| 082 ## - DEWEY DECIMAL CLASSIFICATION NUMBER | |
| Classification number | 621.8 |
| Item number | VAS/ME |
| 100 ## - MAIN ENTRY--AUTHOR NAME | |
| Personal name | Vashist, Devendra |
| 245 ## - TITLE STATEMENT | |
| Title | Mechanical engineering fundamentals |
| 260 ## - PUBLICATION, DISTRIBUTION, ETC. (IMPRINT) | |
| Place of publication | New Delhi |
| Name of publisher | I.K International Publishing House Pvt. Ltd |
| 300 ## - PHYSICAL DESCRIPTION | |
| Number of Pages | 432 |
| 942 ## - ADDED ENTRY ELEMENTS (KOHA) | |
| Koha item type | Books |
| Withdrawn status | Lost status | Damaged status | Collection code | Home library | Current library | Shelving location | Date acquired | Source of acquisition | Cost, normal purchase price | Full call number | Accession Number | Koha item type |
|---|---|---|---|---|---|---|---|---|---|---|---|---|
| Non-fiction | KAUAET | KAUAET | General Stacks | 31/03/2012 | Cosmo Books, Calicut | 295.00 | 621.8 VAS/ME | 22389 | Books |
